| 000 | 00685cam a2200205 i 4500 | ||
|---|---|---|---|
| 001 | 41134 | ||
| 003 | Mx-PuUPA | ||
| 005 | 20251024120607.0 | ||
| 008 | 140415s mx gr 000 0 spa d | ||
| 040 | _cMx-PuUPA | ||
| 041 | 0 | _aspa | |
| 082 | 0 | 4 |
_axx _bxx _223 |
| 245 | 1 |
_aCuba 2013, realidades y perspectivas : _bdiálogo entre cubanos / _cMarcelino Miyares y Gisselle Recarey, editores |
|
| 264 | 1 |
_aMéxico, D.F. : _bFundación Konrad Adenauer, |
|
| 300 |
_a248 páginas ; _c22 cm |
||
| 700 | 1 |
_aMiyares, Marcelino, _eeditor |
|
| 700 | 1 |
_aRecarey, Giselle, _eeditor |
|
| 942 |
_2ddc _cLI _hxx _ixx |
||
| 999 |
_c41134 _d41134 |
||